| 000 | 01591nam a2200301 4500 | ||
|---|---|---|---|
| 001 | 0000021655 | ||
| 003 | CO-CtgCURN | ||
| 005 | 20250329191006.0 | ||
| 007 | ta | ||
| 008 | 160627s2005 000 0 eng d | ||
| 020 | _a9701504518 | ||
| 040 |
_aCO-CtgCURN _bspa _ccoctgcurn |
||
| 082 | 0 |
_a658 _bC817g |
|
| 100 | 1 | _aCuatrecasas Arbos, Lluis. | |
| 245 | 1 | 0 |
_aGestion economico-financiera de la empresa / _cLluis Cuatrecasas Arbos. |
| 260 |
_aMexico : _bAlfaomega, _c2005. |
||
| 300 | _a406 p. | ||
| 336 | _2rdacontent | ||
| 337 |
_2rdamedia _asin mediacion _bn |
||
| 338 |
_2rdacarrier _avolumen _bnc |
||
| 500 | _aIncluye Apendice: I. Tablas financieras a interes compuesto.--IITablas financieras a interes compuesto de una suma de valores actualizados. | ||
| 504 | _aBibliografia (p. 401) | ||
| 505 | 8 | _aLa empresa, objetivos y funciones.--La actividad economica de la empresa y su desarrollo.--Los costes de la producción en la empresa.--Planificacion y optimizacion de la actividad economica de la empresa a corto plazo.--La estructura de la empresa y su valoracion a largo plazo.--La inversion en la empresa.--El control economico de la empresa.--Gestion economico-financiera de la empresa.--Gestion economico-financiera previsional: los presupuestos.--Control de la gestion en curso.--La financiacion de la actividad de la empresa.--Alternativas y caracter | |
| 650 | 1 | 4 |
_aAdministración de empresas _xEstudio de casos _y2008 _zColombia. |
| 908 | _a160627 | ||
| 942 |
_cBK _h658 _iC817g _2ddc |
||
| 999 |
_c10494 _d10494 |
||